000
00193nam a22000977a 4500
999
_c
40026
_d
40026
100
_a
S. Chamebat
245
_a
Dushi Prajapati
260
_a
Daniwala library
_c
1968
300
_a
78
942
_c
BK